000 00198 a2200109 4500
020 _a0590260405
041 _aspa
100 _aAvalos Cecilia
245 _aEl Desierto
942 _cBK
952 _71
999 _c25620
_d25620